Hommage a Karl Jaspers
保存先:
| 第一著者: | |
|---|---|
| フォーマット: | 図書 |
| 言語: | Undetermined |
| 出版事項: |
París, Francia
Pirx Literaire International de la Paix
1965
|
| 主題: | |
| タグ: |
タグ追加
タグなし, このレコードへの初めてのタグを付けませんか!
|
MARC
| LEADER | 00000nam a2200000Ia 4500 | ||
|---|---|---|---|
| 008 | 170316s9999 xx 000 0 und d | ||
| 090 | |a 100 J-6h | ||
| 100 | |a Jaspers, Karl | ||
| 245 | |a Hommage a Karl Jaspers | ||
| 260 | |a París, Francia | ||
| 260 | |b Pirx Literaire International de la Paix | ||
| 260 | |c 1965 | ||
| 300 | |a 64 páginas | ||
| 650 | |a FILOSOFÍA | ||
| 650 | |a JASPERS KARL | ||
| 650 | |a EXISTENCIALISMO | ||
| 999 | |c 16610 |d 16610 | ||
| 040 | |a cru BVZT | ||
| 942 | |c 15 D |h 100 J-6h |2 z | ||
